Statistics for Top 10 Cricket Players In the World

Click here to take the quiz!

General Stats

  • This quiz has been taken 14 times
  • The average score is 5 of 10

Answer Stats

CountryAnswer% Correct
IndiaVirat Kohli
93%
AfghanistanRashid Khan
64%
PakistanBabar Azam
57%
New ZealandKane Stuart Williamson
50%
IndiaRohit Gurunath Sharma
50%
EnglandBenjamin Andrew Stokes
43%
IndiaMahendra Singh Dhoni
29%
JamaicaAndre Russell
21%
South AfricaQuentin de Kock
21%
BangladeshShakib Al Hasan
21%

Score Distribution

Percentile by Number Answered

Percent of People with Each Score

Your Score History

You have not taken this quiz